[Event "PKL 2005 Tweede Klasse"]
[Site "Herkenbosch, Netherlands"]
[Date "2005.11.13"]
[Round "4"]
[White "Clevers, Frank"]
[Black "Bomhoff, Bert"]
[Result "0-1"]
[WhiteElo "1669"]
[BlackElo "1620"]
[PlyCount "58"]
[EventDate "2005.??.??"]

1. d4 d5 2. c4 dxc4 3. Nc3 Nf6 4. e3 e6 5. Bxc4 a6 6. Nf3 b5 7. Bb3 Bb7 8. O-O
c5 9. dxc5 Nbd7 10. Qe2 Bxc5 11. Rd1 Qc7 12. e4 Ng4 13. Be3 Bxe3 14. fxe3 O-O
15. Rac1 Rac8 16. h3 Ngf6 17. Qe1 Qb8 18. Ng5 Nc5 19. Bc2 h6 20. Nf3 Ncxe4 21.
Nxe4 Bxe4 22. Bxe4 Nxe4 23. Qb4 Rxc1 24. Rxc1 Ng3 25. Kf2 Nf5 26. Qf4 Qb6 27.
Ne5 Qa5 28. e4 g5 29. Nc6 Qb6+ 0-1

[Event "PKL 2005 Tweede Klasse"]
[Site "Herkenbosch, Netherlands"]
[Date "2005.11.13"]
[Round "4"]
[White "Palm, Hans"]
[Black "van Odijk, Frank"]
[Result "0-1"]
[WhiteElo "1424"]
[BlackElo "1659"]
[PlyCount "113"]
[EventDate "2005.??.??"]

1. e4 e5 2. Nf3 Nc6 3. Nc3 Nf6 4. b3 b6 5. Bb2 Bb7 6. Bc4 Be7 7. O-O O-O 8. Re1
d6 9. a3 Na5 10. Be2 c5 11. d3 Nc6 12. Qc1 Nd4 13. Nd1 Qc7 14. Ne3 Rfe8 15.
Bxd4 cxd4 16. Nf5 Bf8 17. Qb2 d5 18. Ng3 dxe4 19. dxe4 Rac8 20. Bd3 g6 21. Bc4
h6 22. Rac1 a6 23. Bd3 b5 24. b4 Re6 25. Nd2 h5 26. Nb3 Nd7 27. Nd2 Bh6 28.
Rcd1 Nb6 29. h4 Nc4 30. Bxc4 bxc4 31. Nf3 f6 32. c3 d3 33. Nd2 Kh7 34. Ngf1 Bc6
35. Ne3 Bxe3 36. Rxe3 Ba4 37. Rf1 Bc2 38. Kh1 Rc6 39. Rg1 Qd7 40. Qc1 Rb6 41.
Qe1 a5 42. f3 axb4 43. axb4 Qf7 44. Qf2 Ra6 45. g4 Ra3 46. f4 Re8 47. fxe5 Rxe5
48. Nxc4 Qxc4 49. Qxf6 Qe6 50. g5 Rxc3 51. Rf1 Rc7 52. Qf8 Rg7 53. Rf6 Qd7 54.
Qb8 Rg8 55. Qb6 d2 56. Ref3 Bxe4 57. Rf7+ 0-1

[Event "PKL 2005 Tweede Klasse"]
[Site "Herkenbosch, Netherlands"]
[Date "2005.12.10"]
[Round "5"]
[White "van Vliembergen, Marina"]
[Black "van Vliembergen, Roland"]
[Result "1/2-1/2"]
[WhiteElo "1597"]
[BlackElo "1641"]
[PlyCount "48"]
[EventDate "2005.??.??"]

1. e4 e6 2. d4 d5 3. exd5 exd5 4. Bd3 Bd6 5. c3 Nf6 6. Nf3 O-O 7. O-O Bg4 8.
Bg5 Nbd7 9. Nbd2 c6 10. Qc2 Qc7 11. Rfe1 Rfe8 12. Rab1 b5 13. b4 Bh5 14. Bh4
Bg6 15. Bxg6 fxg6 16. Bg3 a5 17. Bxd6 Rxe1+ 18. Rxe1 Qxd6 19. a3 a4 20. Qd3 Re8
21. Rxe8+ Nxe8 22. Qe3 Nef6 23. h3 Nb6 24. Ne5 Qe6 1/2-1/2

[Event "PKL 2005 Tweede Klasse"]
[Site "Herkenbosch, Netherlands"]
[Date "2005.12.10"]
[Round "5"]
[White "Smit, Melvin"]
[Black "Belle, Prahlada"]
[Result "0-1"]
[WhiteElo "1682"]
[BlackElo "1717"]
[PlyCount "110"]
[EventDate "2005.??.??"]

1. d4 Nf6 2. c4 e6 3. Nc3 Bb4 4. Nf3 b6 5. g3 Bb7 6. Bg2 Bxc3+ 7. bxc3 d6 8.
O-O Nbd7 9. Re1 O-O 10. Nh4 Bxg2 11. Nxg2 c5 12. Qb3 h6 13. a4 Qc7 14. Bb2 Nb8
15. e4 Nc6 16. d5 Na5 17. Qa2 e5 18. Bc1 Qc8 19. f3 Nh7 20. Ne3 Re8 21. Nf5 Qd7
22. Kg2 Nf8 23. Rg1 Rad8 24. Bd2 Qc8 25. h4 Ng6 26. g4 Qa6 27. Ne3 Nxh4+ 28.
Kg3 Ng6 29. Rh1 f6 30. Rh2 Kf7 31. Rah1 Nf4 32. Rb1 Rh8 33. Rb5 Qc8 34. Nf5 Ng6
35. Bc1 Ne7 36. Ne3 Rdg8 37. Qe2 Qd7 38. Qa2 Rh7 39. Nf1 Rgh8 40. Ne3 h5 41.
Nf5 hxg4 42. Rxh7 Rxh7 43. fxg4 Nxf5+ 44. gxf5 g6 45. fxg6+ Kxg6 46. Qg2 Kf7
47. Kf2 Qh3 48. Rxa5 bxa5 49. Bd2 Qxg2+ 50. Kxg2 Kg6 51. Bc1 Rb7 52. Kf3 f5 53.
exf5+ Kxf5 54. Ke3 Rb1 55. Ba3 Ra1 0-1

[Event "PKL 2005 Tweede Klasse"]
[Site "Herkenbosch, Netherlands"]
[Date "2005.12.10"]
[Round "5"]
[White "Anders, Hartmut"]
[Black "Leenders, Hans"]
[Result "0-1"]
[WhiteElo "1615"]
[BlackElo "1575"]
[PlyCount "88"]
[EventDate "2005.??.??"]

1. d4 d5 2. Nf3 Nf6 3. e3 Bf5 4. Nbd2 h6 5. c4 c6 6. Qb3 Qc7 7. Ne5 e6 8. cxd5
exd5 9. Ndf3 Bd6 10. Bd2 O-O 11. Bb4 Bxb4+ 12. Qxb4 Nbd7 13. Qc3 Ne4 14. Qa3
Qd6 15. Qxd6 Nxd6 16. Nxd7 Bxd7 17. Ne5 Rfd8 18. Nxd7 Rxd7 19. a3 a5 20. Bd3
Re7 21. Kd2 Ne4+ 22. Bxe4 dxe4 23. Rac1 Re6 24. Rc2 Rg6 25. g3 Rf6 26. Ke2 Rd8
27. Rhc1 Rd5 28. Rc5 Rdf5 29. Rxf5 Rxf5 30. Rc5 Rxc5 31. dxc5 Kf8 32. Kd2 Ke7
33. Kc3 Ke6 34. Kd4 f5 35. g4 g6 36. gxf5+ Kxf5 37. h3 g5 38. b3 h5 39. b4 axb4
40. axb4 h4 41. Kc3 g4 42. hxg4+ Kxg4 43. Kd2 Kf3 44. Ke1 Kg2 0-1

[Event "PKL 2005 Tweede Klasse"]
[Site "Herkenbosch, Netherlands"]
[Date "2005.12.10"]
[Round "5"]
[White "Bomhoff, Bert"]
[Black "van Odijk, Frank"]
[Result "1/2-1/2"]
[WhiteElo "1620"]
[BlackElo "1659"]
[PlyCount "44"]
[EventDate "2005.??.??"]

1. d4 Nf6 2. c4 e6 3. Nc3 Bb4 4. Nf3 d5 5. cxd5 exd5 6. Bg5 O-O 7. e3 Be6 8.
Be2 Nbd7 9. O-O Be7 10. Qc2 c6 11. Rab1 a5 12. a4 h6 13. Bh4 Ne8 14. Bxe7 Qxe7
15. Na2 Nd6 16. Bd3 Rfc8 17. Nc3 g5 18. b3 Bg4 19. Nd2 Nf6 20. e4 dxe4 21.
Ncxe4 Ndxe4 22. Rbe1 Qd6 1/2-1/2

[Event "PKL 2005 Tweede Klasse"]
[Site "Herkenbosch, Netherlands"]
[Date "2005.12.10"]
[Round "5"]
[White "Clevers, Frank"]
[Black "Palm, Hans"]
[Result "1/2-1/2"]
[WhiteElo "1669"]
[BlackElo "1424"]
[PlyCount "85"]
[EventDate "2005.??.??"]

1. e4 e5 2. Nf3 Nc6 3. d4 exd4 4. Nxd4 Nf6 5. Nxc6 bxc6 6. Bd3 d6 7. O-O Be7 8.
f4 Bb7 9. Nc3 O-O 10. f5 Re8 11. Bf4 Rb8 12. Qe2 Bf8 13. Qf2 Ra8 14. Rae1 Ng4
15. Qg3 Nf6 16. Bg5 Be7 17. Bh6 Bf8 18. Bg5 Be7 19. Bf4 Nh5 20. Qh3 Nxf4 21.
Rxf4 Bf6 22. Qh5 Bd4+ 23. Kh1 Qf6 24. Rh4 Bf2 25. Qxh7+ Kf8 26. Rg4 Bxe1 27.
Qh8+ Ke7 28. Qxg7 Qxg7 29. Rxg7 Rg8 30. Rxg8 Rxg8 31. Ne2 c5 32. Kg1 d5 33. e5
c4 34. f6+ Ke6 35. Nd4+ Kd7 36. Bf5+ Kd8 37. c3 c5 38. Nf3 Bxc3 39. bxc3 d4 40.
Kf2 Bxf3 41. gxf3 d3 42. e6 d2 43. e7+ 1/2-1/2

[Event "PKL 2005 Tweede Klasse"]
[Site "Herkenbosch, Netherlands"]
[Date "2005.12.10"]
[Round "6"]
[White "Smit, Melvin"]
[Black "van Vliembergen, Marina"]
[Result "1/2-1/2"]
[WhiteElo "1682"]
[BlackElo "1597"]
[PlyCount "67"]
[EventDate "2005.??.??"]

1. Nf3 e6 2. a3 d5 3. b4 Nf6 4. Bb2 c5 5. b5 a6 6. e3 axb5 7. Bxb5+ Bd7 8. Nc3
Qb6 9. a4 Bd6 10. O-O O-O 11. Bxd7 Nbxd7 12. Nb5 Ra6 13. d3 Rfa8 14. c4 Qc6 15.
Bc3 dxc4 16. dxc4 Ne4 17. Be1 Nb6 18. Qc2 Rxa4 19. Rxa4 Rxa4 20. Nxd6 Nxd6 21.
Ne5 Qc7 22. Qb3 f6 23. Nd3 Ndxc4 24. Nf4 Qe7 25. Bc3 Ra3 26. Qc2 Nd5 27. Bxf6
gxf6 28. Qxc4 Nxf4 29. Qxf4 Ra5 30. Qb8+ Kf7 31. Rb1 Kg6 32. Qg3+ Kf7 33. Qb8
Kg6 34. Qg3+ 1/2-1/2

[Event "PKL 2005 Tweede Klasse"]
[Site "Herkenbosch, Netherlands"]
[Date "2005.12.10"]
[Round "6"]
[White "van Odijk, Frank"]
[Black "Belle, Prahlada"]
[Result "0-1"]
[WhiteElo "1659"]
[BlackElo "1717"]
[PlyCount "94"]
[EventDate "2005.??.??"]

1. d4 Nf6 2. c4 g6 3. Nc3 Bg7 4. e4 d6 5. f3 O-O 6. Be3 e5 7. d5 Nbd7 8. Bd3
Nc5 9. Bc2 a5 10. Nge2 Nfd7 11. Qd2 Nb6 12. b3 f5 13. Bg5 Bf6 14. Bxf6 Qxf6 15.
O-O f4 16. Kh1 a4 17. Ng1 Qh4 18. Qe1 Qh5 19. g4 fxg3 20. Qxg3 Qh6 21. Qf2 Rf7
22. Qe2 Bh3 23. Nxh3 Qxh3 24. b4 Ncd7 25. Bd3 Raf8 26. Qg2 Rxf3 27. Qxh3 Rxh3
28. Rxf8+ Kxf8 29. Rd1 Nxc4 30. Nxa4 b5 31. Bxc4 bxc4 32. Rc1 Ra3 33. Nc3 Nb6
34. Kg2 Ke7 35. Kf2 Kd7 36. Rc2 c6 37. b5 cxd5 38. Nxd5 Nxd5 39. exd5 c3 40.
Ke3 Kc7 41. Kd3 Kb6 42. Kc4 Ra5 43. Kxc3 Rxb5 44. Rd2 Ka5 45. Kc4 Ka4 46. Kc3
Ka3 47. Kc4 Rc5+ 0-1

[Event "PKL 2005 Tweede Klasse"]
[Site "Herkenbosch, Netherlands"]
[Date "2005.12.10"]
[Round "6"]
[White "van Vliembergen, Roland"]
[Black "Bomhoff, Bert"]
[Result "1/2-1/2"]
[WhiteElo "1641"]
[BlackElo "1620"]
[PlyCount "57"]
[EventDate "2005.??.??"]

1. e4 Nf6 2. e5 Nd5 3. c4 Nb6 4. Nc3 d6 5. exd6 cxd6 6. d4 Bf5 7. Be3 e6 8. Bd3
Bxd3 9. Qxd3 Be7 10. Nf3 O-O 11. O-O N8d7 12. Rac1 Nf6 13. Rfd1 Re8 14. b3 Nbd7
15. Bf4 Nh5 16. Qe3 Nxf4 17. Qxf4 Nf6 18. Qd2 h6 19. Qb2 Rc8 20. d5 exd5 21.
Nxd5 Nxd5 22. Rxd5 Rc5 23. Rcd1 Rxd5 24. Rxd5 Qc7 25. Qd2 Rd8 26. Nd4 a6 27.
Nf5 Bf8 28. c5 Qc6 29. cxd6 1/2-1/2

[Event "PKL 2005 Tweede Klasse"]
[Site "Herkenbosch, Netherlands"]
[Date "2005.12.10"]
[Round "6"]
[White "Leenders, Hans"]
[Black "Palm, Hans"]
[Result "1-0"]
[WhiteElo "1575"]
[BlackElo "1424"]
[PlyCount "98"]
[EventDate "2005.??.??"]

1. Nf3 Nf6 2. d4 d5 3. h3 e6 4. Bf4 c5 5. c3 Be7 6. e3 O-O 7. dxc5 Bxc5 8. Nbd2
b6 9. Bd3 Nbd7 10. b4 Be7 11. O-O Bb7 12. a3 Re8 13. Bb5 a6 14. Bd3 Bf8 15. Ne5
Nxe5 16. Bxe5 Nd7 17. Bg3 e5 18. e4 Nf6 19. Bh4 Be7 20. f3 Nd7 21. Bxe7 Qxe7
22. exd5 Bxd5 23. Be4 Nf6 24. Qe2 Bxe4 25. Nxe4 Nh5 26. Qf2 Nf4 27. Qxb6 Ne2+
28. Kh2 f5 29. Qf2 Nf4 30. Nc5 Nd5 31. c4 Nf6 32. Rad1 a5 33. Rfe1 axb4 34.
axb4 f4 35. Qh4 Qf7 36. Ne4 Nxe4 37. Rxe4 Rac8 38. Rd5 Rxc4 39. Rdxe5 Rcc8 40.
Rxe8+ Rxe8 41. Re1 g6 42. Rxe8+ Qxe8 43. Qxf4 Kg7 44. Qc7+ Kh6 45. Qf4+ Kg7 46.
Qd4+ Kh6 47. f4 Qb8 48. Kg3 Qc7 49. Qe5 Qd8 1-0

[Event "PKL 2005 Tweede Klasse"]
[Site "Herkenbosch, Netherlands"]
[Date "2005.12.10"]
[Round "6"]
[White "Anders, Hartmut"]
[Black "Clevers, Frank"]
[Result "1/2-1/2"]
[WhiteElo "1615"]
[BlackElo "1669"]
[PlyCount "100"]
[EventDate "2005.??.??"]

1. d4 d5 2. Nf3 e6 3. e3 c5 4. b3 cxd4 5. exd4 Nf6 6. Bd3 g6 7. O-O Bg7 8. Bb2
O-O 9. Nbd2 Nc6 10. Re1 Bd7 11. Ne5 Rc8 12. c3 Ne8 13. Qe2 Nc7 14. Ba3 Re8 15.
Qf3 Nxe5 16. dxe5 Nb5 17. Bxb5 Bxb5 18. Qe3 b6 19. Rac1 Bf8 20. Bxf8 Rxf8 21.
Qh6 Bd3 22. Nf3 f5 23. Re3 Be4 24. Ng5 Qe7 25. Rh3 Rc7 26. c4 f4 27. Re1 Bf5
28. Rc3 d4 29. Rcc1 Qg7 30. Qxg7+ Kxg7 31. Nf3 Rd8 32. Nd2 g5 33. f3 d3 34. Rc3
a5 35. Rec1 Rc5 36. Re1 b5 37. Kf2 b4 38. Rcc1 h5 39. g3 fxg3+ 40. hxg3 g4 41.
f4 Kg6 42. Rh1 Ra8 43. Ke3 a4 44. Kd4 Rca5 45. c5 axb3 46. axb3 Ra2 47. Rhd1
Rd8+ 48. Kc4 Rc2+ 49. Kxb4 Rb8+ 50. Ka3 Ra8+ 1/2-1/2

[Event "PKL 2005 Tweede Klasse"]
[Site "Herkenbosch, Netherlands"]
[Date "2005.12.11"]
[Round "7"]
[White "Belle, Prahlada"]
[Black "Leenders, Hans"]
[Result "1-0"]
[WhiteElo "1717"]
[BlackElo "1575"]
[PlyCount "53"]
[EventDate "2005.??.??"]

1. e4 e6 2. d4 d5 3. exd5 exd5 4. Bd3 Nf6 5. Bf4 Bd6 6. Bxd6 Qxd6 7. c3 O-O 8.
Nf3 Bg4 9. O-O Nbd7 10. Nbd2 Rfe8 11. Qc2 h6 12. Rfe1 Nf8 13. Ne5 Bd7 14. Ndf3
Ng4 15. Nxd7 Nxd7 16. a4 Qf4 17. Bf5 Ngf6 18. a5 c6 19. b4 a6 20. Rad1 Kf8 21.
h3 g5 22. Qd3 Rad8 23. Bxd7 Rxe1+ 24. Rxe1 Rxd7 25. Ne5 Re7 26. g3 Rxe5 27.
dxe5 1-0

[Event "PKL 2005 Tweede Klasse"]
[Site "Herkenbosch, Netherlands"]
[Date "2005.12.11"]
[Round "7"]
[White "van Vliembergen, Marina"]
[Black "Anders, Hartmut"]
[Result "1-0"]
[WhiteElo "1597"]
[BlackElo "1615"]
[PlyCount "51"]
[EventDate "2005.??.??"]

1. e4 d5 2. exd5 Nf6 3. d4 Nxd5 4. Bc4 e6 5. Nf3 Bd6 6. O-O c6 7. Bd2 O-O 8.
Nc3 Qc7 9. Qe2 Nd7 10. Rfe1 N7f6 11. Ne4 Bf4 12. Bd3 Bxd2 13. Nxf6+ Nxf6 14.
Qxd2 b6 15. Qg5 h6 16. Qh4 c5 17. Re3 Bb7 18. Rc1 c4 19. Bf1 Bd5 20. Nd2 b5 21.
Rg3 Qa5 22. Qxf6 g6 23. Qf4 Qxa2 24. Rb1 b4 25. Qxh6 Rfc8 26. Rh3 1-0

[Event "PKL 2005 Tweede Klasse"]
[Site "Herkenbosch, Netherlands"]
[Date "2005.12.11"]
[Round "7"]
[White "van Odijk, Frank"]
[Black "van Vliembergen, Roland"]
[Result "1/2-1/2"]
[WhiteElo "1659"]
[BlackElo "1641"]
[PlyCount "106"]
[EventDate "2005.??.??"]

1. e4 e6 2. d4 d5 3. Nd2 c5 4. Bb5+ Bd7 5. Bxd7+ Qxd7 6. dxc5 Bxc5 7. exd5 Qxd5
8. Qf3 Nf6 9. Ne2 Nc6 10. O-O O-O 11. Qxd5 Nxd5 12. Nb3 Be7 13. a3 Bf6 14. Nc5
b6 15. Nd7 Rfd8 16. Nxf6+ Nxf6 17. Bg5 Rd7 18. Bxf6 gxf6 19. Rad1 Rad8 20. Rxd7
Rxd7 21. Rc1 Ne5 22. b3 Kf8 23. Kf1 f5 24. h3 Ke7 25. Ke1 Kf6 26. Rd1 Rxd1+ 27.
Kxd1 Nc6 28. f4 Ke7 29. Kd2 f6 30. g4 fxg4 31. hxg4 e5 32. f5 Kd6 33. Ke3 Nd8
34. Ng3 Nf7 35. Ne4+ Ke7 36. c4 Nd6 37. Nc3 h5 38. Kf3 hxg4+ 39. Kxg4 Kf8 40.
Nd5 Kf7 41. Ne3 Ne4 42. b4 Nc3 43. Kf3 Ke7 44. Nc2 Kd6 45. Ne3 Ke7 46. Nc2 Kd6
47. Ke3 Nd1+ 48. Ke4 Nf2+ 49. Kf3 Nd3 50. Ke4 Nf2+ 51. Kf3 Nd3 52. Ke4 Nf2+ 53.
Kf3 Nd3 1/2-1/2

[Event "PKL 2005 Tweede Klasse"]
[Site "Herkenbosch, Netherlands"]
[Date "2005.12.11"]
[Round "7"]
[White "Bomhoff, Bert"]
[Black "Smit, Melvin"]
[Result "0-1"]
[WhiteElo "1620"]
[BlackElo "1682"]
[PlyCount "77"]
[EventDate "2005.??.??"]

1. d4 Nf6 2. c4 e5 3. dxe5 Ng4 4. Nf3 Nc6 5. e3 Ngxe5 6. Nbd2 Bb4 7. a3 Bxd2+
8. Bxd2 d6 9. Bc3 Bg4 10. Be2 Be6 11. b3 O-O 12. O-O h6 13. Qc2 Re8 14. Rad1
Qe7 15. Bb2 Rad8 16. b4 Bc8 17. Qc3 Nxf3+ 18. gxf3 f6 19. Kh1 Bf5 20. Rg1 Qf8
21. Rg3 Kh8 22. Rdg1 Re7 23. Bd1 Ne5 24. Bc2 Bxc2 25. Qxc2 Qf7 26. Rxg7 Qxg7
27. Rxg7 Rxg7 28. Qf5 Rf8 29. h4 Nd7 30. Kh2 Kg8 31. Qd5+ Kh8 32. Qxb7 Rfg8 33.
Qe4 Rg2+ 34. Kh3 Rxf2 35. Bxf6+ Nxf6 36. Qf4 Rg6 37. Qf5 Kg7 38. Qc8 Rxf3+ 39.
Kh2 0-1

[Event "PKL 2005 Senioren en Veteranen"]
[Site "Herkenbosch, Netherlands"]
[Date "2005.11.12"]
[Round "1"]
[White "Scheeren, Wiel"]
[Black "Hendrikx, Jan"]
[Result "1-0"]
[WhiteElo "1593"]
[BlackElo "1792"]
[PlyCount "103"]
[EventDate "2005.??.??"]

1. f4 d5 2. Nf3 Nc6 3. g3 Nf6 4. Bg2 e6 5. c3 Bd6 6. d3 O-O 7. O-O Re8 8. Qc2
Ne7 9. e4 dxe4 10. dxe4 Bc5+ 11. Kh1 Ng6 12. Rd1 Qe7 13. e5 Ng4 14. Nd4 Rd8 15.
h3 Nh6 16. Be3 Rb8 17. Kh2 Bd7 18. a4 Qe8 19. b4 Bb6 20. a5 Bxd4 21. Bxd4 a6
22. Nd2 Nf5 23. Bf2 Bc6 24. Bxc6 Qxc6 25. Ne4 Nge7 26. g4 Nh6 27. Bh4 Rxd1 28.
Rxd1 Nd5 29. Ng5 g6 30. Ne4 Ne3 31. Qd3 Nxd1 32. Nf6+ Kg7 33. Qxd1 Qxc3 34. Qd7
Qxb4 35. Ne8+ Kg8 36. Nf6+ Kg7 37. Ne8+ Rxe8 38. Qxe8 Qxf4+ 39. Bg3 Qd2+ 40.
Kg1 Qe3+ 41. Kg2 Qd2+ 42. Kg1 Qxa5 43. Qe7 Ng8 44. Qe8 b5 45. Bf4 Qe1+ 46. Kg2
c5 47. Bh6+ Kh8 48. Qb8 b4 49. Bg5 Qe4+ 50. Kg3 Qd3+ 51. Kg2 b3 52. Bf6# 1-0

[Event "PKL 2005 Senioren en Veteranen"]
[Site "Herkenbosch, Netherlands"]
[Date "2005.11.12"]
[Round "1"]
[White "de Wit, Gerrit"]
[Black "Beckers, Piet"]
[Result "1-0"]
[WhiteElo "1777"]
[BlackElo "1591"]
[PlyCount "73"]
[EventDate "2005.??.??"]

1. e4 c5 2. Nf3 Nc6 3. Bc4 e6 4. O-O Be7 5. Re1 d6 6. c3 Nf6 7. d3 d5 8. e5
dxc4 9. exf6 Bxf6 10. dxc4 O-O 11. Be3 b6 12. Qc2 Bb7 13. Nbd2 Ne5 14. Nxe5
Bxe5 15. f4 Bf6 16. Ne4 g6 17. Rad1 Bxe4 18. Qxe4 Qc7 19. Bf2 Rfe8 20. Qf3 Bg7
21. Bg3 f5 22. Rxe6 Qf7 23. Rxe8+ Rxe8 24. Rd5 Bf6 25. Qd3 Kg7 26. Bf2 Re4 27.
Rd7 Re7 28. Rxe7 Qxe7 29. g3 Qe8 30. b3 Qc6 31. a3 a5 32. b4 axb4 33. cxb4 Be7
34. bxc5 Bxc5 35. Bxc5 Qxc5+ 36. Kg2 Qc6+ 37. Qd5 1-0

[Event "PKL 2005 Senioren en Veteranen"]
[Site "Herkenbosch, Netherlands"]
[Date "2005.11.12"]
[Round "1"]
[White "Dupont, Frank"]
[Black "Meijerink, Harrie"]
[Result "1-0"]
[WhiteElo "1590"]
[BlackElo "1698"]
[PlyCount "49"]
[EventDate "2005.??.??"]

1. d4 d5 2. c4 c6 3. Nf3 Nf6 4. Nc3 e6 5. e3 Nbd7 6. Be2 dxc4 7. Bxc4 Bd6 8.
O-O O-O 9. h3 Qe7 10. Re1 e5 11. e4 exd4 12. Nxd4 Bc7 13. a3 Ne5 14. Nf5 Bxf5
15. exf5 Rad8 16. Qe2 Rfe8 17. Bf4 Qc5 18. Bxe5 Rxe5 19. Qf1 Rxf5 20. b4 Qd4
21. Re7 Bg3 22. Rd1 Qxf2+ 23. Qxf2 Rfd5 24. Qf3 Rxd1+ 25. Nxd1 1-0

[Event "PKL 2005 Senioren en Veteranen"]
[Site "Herkenbosch, Netherlands"]
[Date "2005.11.12"]
[Round "1"]
[White "Roesler, Manfred"]
[Black "Gransier, Theo"]
[Result "1-0"]
[WhiteElo "1658"]
[BlackElo "1534"]
[PlyCount "131"]
[EventDate "2005.??.??"]

1. d4 Nf6 2. c4 g6 3. Nc3 d5 4. Nf3 Bg7 5. Bf4 a6 6. e3 O-O 7. Be2 dxc4 8. Bxc4
b5 9. Bd3 Bb7 10. O-O Nh5 11. Bg3 Nd7 12. Ne4 Ndf6 13. Nxf6+ Bxf6 14. Rc1 Nxg3
15. hxg3 Bg7 16. Qc2 Bxf3 17. gxf3 Rc8 18. Kg2 f5 19. Rh1 Qd6 20. Qc6 Rfd8 21.
a4 Qxc6 22. Rxc6 bxa4 23. Rxa6 Rb8 24. Rxa4 Rxb2 25. Rc1 Rd2 26. Bc4+ Kf8 27.
Ra7 Bh6 28. f4 Rb8 29. Rxc7 Rbb2 30. Rf1 Rb8 31. Be6 Bg7 32. d5 Bf6 33. Kf3 Rd8
34. Rh1 Kg7 35. Rh2 Rb8 36. g4 fxg4+ 37. Kxg4 Rdb2 38. e4 h5+ 39. Kg3 Kf8 40.
e5 Bg7 41. f3 Rxh2 42. Kxh2 g5 43. Rc4 Ke8 44. d6 exd6 45. exd6 Rd8 46. d7+ Ke7
47. f5 Be5+ 48. Kg2 Kf6 49. Rc8 Ke7 50. Kh3 g4+ 51. fxg4 hxg4+ 52. Kxg4 Bf6 53.
Kh5 Ba1 54. Kg6 Rh8 55. Rc1 Be5 56. Rc5 Ba1 57. Rd5 Rd8 58. Rd1 Bb2 59. Rd2 Ba1
60. Rf2 Bf6 61. Bf7 Ba1 62. Be8 Kf8 63. Re2 Bc3 64. f6 Rb8 65. Re7 Kg8 66. Bf7+
1-0

[Event "PKL 2005 Senioren en Veteranen"]
[Site "Herkenbosch, Netherlands"]
[Date "2005.11.12"]
[Round "1"]
[White "van Pol, Thieu"]
[Black "Schreinemachers, Jo"]
[Result "0-1"]
[WhiteElo "1473"]
[BlackElo "1655"]
[PlyCount "74"]
[EventDate "2005.??.??"]

1. d4 d5 2. Bf4 Nf6 3. Nd2 Bg4 4. Ngf3 e6 5. e3 Nbd7 6. Be2 c5 7. c3 Be7 8. Rc1
O-O 9. h3 Bh5 10. g4 Bg6 11. Nh4 Be4 12. Nxe4 Nxe4 13. Nf3 Qb6 14. Qb3 Rac8 15.
Qxb6 Nxb6 16. dxc5 Rxc5 17. Bd3 Nd6 18. Ke2 Nbc4 19. b4 Rcc8 20. Ne5 Nxe5 21.
Bxe5 Nc4 22. Bg3 Bf6 23. f4 Nb2 24. Kd2 h6 25. h4 Na4 26. c4 dxc4 27. Be4 Rfd8+
28. Kc2 b5 29. g5 hxg5 30. hxg5 Bc3 31. Be1 Bxe1 32. Rcxe1 g6 33. Rd1 Nb6 34.
Bb7 Rxd1 35. Rxd1 Rc7 36. Ba6 Nd5 37. Re1 Nxb4+ 0-1

[Event "PKL 2005 Senioren en Veteranen"]
[Site "Herkenbosch, Netherlands"]
[Date "2005.11.13"]
[Round "2"]
[White "Scheeren, Wiel"]
[Black "Roesler, Manfred"]
[Result "0-1"]
[WhiteElo "1593"]
[BlackElo "1658"]
[PlyCount "128"]
[EventDate "2005.??.??"]

1. f4 e6 2. Nf3 Nf6 3. g3 d5 4. Bg2 Bd6 5. d3 Nc6 6. c3 O-O 7. O-O b6 8. Qc2
Bb7 9. e4 dxe4 10. dxe4 e5 11. Rd1 Qe7 12. fxe5 Nxe5 13. Nxe5 Bxe5 14. Bg5 Qc5+
15. Kh1 Ng4 16. Rf1 h6 17. b4 Qc6 18. Bd2 Qg6 19. Bf4 Bxf4 20. Rxf4 Ne3 21. Qe2
Nxg2 22. Kxg2 f5 23. Qc4+ Qf7 24. Qxf7+ Rxf7 25. Nd2 Rd8 26. Nc4 Bxe4+ 27. Kg1
b5 28. Ne5 Re7 29. Rxe4 fxe4 30. Nc6 Rdd7 31. Nxe7+ Rxe7 32. Re1 Kf7 33. Kf2
Kf6 34. Ke3 Ke5 35. Rd1 Rf7 36. Ke2 Rf3 37. Rd7 Rxc3 38. Rxg7 Kf6 39. Rh7 Kg5
40. Re7 Rc2+ 41. Ke3 Rxh2 42. Rxe4 Rxa2 43. Re5+ Kg4 44. Rxb5 Kxg3 45. Rh5 Ra6
46. b5 Rb6 47. Rc5 a6 48. bxa6 Rxa6 49. Rxc7 h5 50. Rg7+ Kh3 51. Kf3 Rf6+ 52.
Ke2 h4 53. Rg8 Kh2 54. Rg4 h3 55. Rg5 Kh1 56. Rg3 h2 57. Rg4 Ra6 58. Kf2 Ra2+
59. Kf1 Ra1+ 60. Kf2 Rg1 61. Rh4 Rg8 62. Rh5 Rf8+ 63. Kg3 Kg1 64. Rxh2 Rg8+ 0-1

[Event "PKL 2005 Senioren en Veteranen"]
[Site "Herkenbosch, Netherlands"]
[Date "2005.11.13"]
[Round "2"]
[White "Schreinemachers, Jo"]
[Black "Dupont, Frank"]
[Result "1-0"]
[WhiteElo "1655"]
[BlackElo "1590"]
[PlyCount "51"]
[EventDate "2005.??.??"]

1. d4 Nf6 2. c4 g6 3. Nc3 Bg7 4. e4 d6 5. Nf3 O-O 6. Be2 e5 7. O-O Nc6 8. Be3
Bd7 9. d5 Ne7 10. Ne1 a6 11. Nd3 Rc8 12. c5 Kh8 13. b4 Bb5 14. Nxb5 axb5 15. f3
c6 16. cxd6 Neg8 17. dxc6 bxc6 18. Rc1 Nd7 19. Nc5 Nxc5 20. bxc5 Nf6 21. a4 Qa5
22. axb5 cxb5 23. Qb3 b4 24. Rfd1 Nd7 25. c6 Nb8 26. Ra1 1-0

[Event "PKL 2005 Senioren en Veteranen"]
[Site "Herkenbosch, Netherlands"]
[Date "2005.11.13"]
[Round "2"]
[White "Tammen, Fred"]
[Black "de Wit, Gerrit"]
[Result "1/2-1/2"]
[WhiteElo "1683"]
[BlackElo "1777"]
[PlyCount "41"]
[EventDate "2005.??.??"]

1. d4 f5 2. g3 Nf6 3. Bg2 g6 4. Nf3 Bg7 5. O-O O-O 6. c4 d6 7. Nc3 c5 8. d5 Na6
9. Re1 Bd7 10. e4 fxe4 11. Nxe4 Nxe4 12. Rxe4 Bf5 13. Re1 Nb4 14. Re2 Bg4 15.
Ng5 Bxe2 16. Qxe2 Qd7 17. Bh3 Rf5 18. Bxf5 Qxf5 19. Qxe7 Nc2 20. Rb1 Nd4 21.
Qe4 1/2-1/2

[Event "PKL 2005 Senioren en Veteranen"]
[Site "Herkenbosch, Netherlands"]
[Date "2005.11.13"]
[Round "2"]
[White "Hendrikx, Jan"]
[Black "Gransier, Theo"]
[Result "1/2-1/2"]
[WhiteElo "1792"]
[BlackElo "1534"]
[PlyCount "142"]
[EventDate "2005.??.??"]

1. e4 e5 2. Nf3 Nc6 3. Bb5 Bc5 4. d3 d6 5. O-O Bd7 6. Bg5 Nf6 7. Nc3 Nd4 8.
Bxd7+ Qxd7 9. Nxd4 Bxd4 10. Ne2 Qe6 11. Nxd4 exd4 12. Qf3 Qg4 13. Qxg4 Nxg4 14.
h3 Ne5 15. f4 Ng6 16. f5 Ne5 17. b4 f6 18. Bc1 Kf7 19. Bb2 c5 20. bxc5 dxc5 21.
Rfb1 b5 22. Kf2 b4 23. Ke2 Rab8 24. Bc1 Rb7 25. a3 Ke8 26. axb4 Rxb4 27. Rxb4
cxb4 28. Ra6 Kd7 29. Ra5 Nc6 30. Ra6 Rb8 31. g4 b3 32. cxb3 Rxb3 33. g5 fxg5
34. Bxg5 Rb6 35. Ra4 a5 36. e5 Nxe5 37. Rxd4+ Rd6 38. Ra4 Nc6 39. Ke3 Rd5 40.
Ke4 Rb5 41. Bd2 Re5+ 42. Kf4 Rd5 43. Ke4 Re5+ 44. Kf4 Rd5 45. d4 Rxd4+ 46.
Rxd4+ Nxd4 47. Bxa5 Nc6 48. Bc3 Nd8 49. Bxg7 Nf7 50. Bc3 Ke7 51. h4 Kf8 52. Ke4
Nh6 53. Ke5 Kf7 54. Bd2 Ng4+ 55. Kf4 Nf6 56. Bc1 Nh5+ 57. Kg5 Nf6 58. Bb2 Ng8
59. h5 h6+ 60. Kg4 Ne7 61. Kf4 Nd5+ 62. Ke4 Ne7 63. f6 Nc8 64. Be5 Nb6 65. Kf5
Nc4 66. Bf4 Nb6 67. Bxh6 Nd5 68. Bg5 Nc7 69. h6 Ne8 70. h7 Ng7+ 71. fxg7 Kxg7
1/2-1/2

[Event "PKL 2005 Senioren en Veteranen"]
[Site "Herkenbosch, Netherlands"]
[Date "2005.11.13"]
[Round "2"]
[White "Meijerink, Harrie"]
[Black "van Pol, Thieu"]
[Result "1-0"]
[WhiteElo "1698"]
[BlackElo "1473"]
[PlyCount "33"]
[EventDate "2005.??.??"]

1. d4 d5 2. c4 Nf6 3. Nc3 Bf5 4. Qb3 dxc4 5. Qxb7 Nbd7 6. Qc6 Rb8 7. Nb5 e6 8.
Nxc7+ Ke7 9. b3 Nd5 10. Nxd5+ exd5 11. Qxd5 Be6 12. Qg5+ f6 13. Qe3 Kf7 14.
bxc4 Bxc4 15. Nf3 Bb4+ 16. Bd2 Ba3 17. Qxa3 1-0

[Event "PKL 2005 Senioren en Veteranen"]
[Site "Herkenbosch, Netherlands"]
[Date "2005.11.13"]
[Round "3"]
[White "Roesler, Manfred"]
[Black "Schreinemachers, Jo"]
[Result "1/2-1/2"]
[WhiteElo "1658"]
[BlackElo "1655"]
[PlyCount "30"]
[EventDate "2005.??.??"]

1. e4 c6 2. d4 d5 3. Nc3 dxe4 4. Nxe4 Nd7 5. Nf3 Ngf6 6. Nxf6+ Nxf6 7. Be2 Bg4
8. O-O e6 9. Bg5 Be7 10. c3 O-O 11. h3 Bh5 12. Bd3 Bxf3 13. Qxf3 Qd5 14. Qxd5
Nxd5 15. Bxe7 Nxe7 1/2-1/2